Healing with the medicine of the Prophet Sallallaho Alaihe Wassllam (Record no. 64634)
[ view plain ]
| 000 -LEADER | |
|---|---|
| fixed length control field | 00589nam a2200193Ia 4500 |
| 001 - CONTROL NUMBER | |
| control field | 63980 |
| 008 - FIXED-LENGTH DATA ELEMENTS--GENERAL INFORMATION | |
| fixed length control field | 150109s9999 xx 000 0 und d |
| 020 ## - INTERNATIONAL STANDARD BOOK NUMBER | |
| International Standard Book Number | 9960892913 |
| 040 ## - CATALOGING SOURCE | |
| Transcribing agency | PK-LaUMT |
| 082 ## - DEWEY DECIMAL CLASSIFICATION NUMBER | |
| Classification number | 214.61 |
| Item number | IMA-H |
| 100 ## - MAIN ENTRY--PERSONAL NAME | |
| Personal name | Imam Ibn Qayyim Al-Jauziyah |
| 245 ## - TITLE STATEMENT | |
| Title | Healing with the medicine of the Prophet Sallallaho Alaihe Wassllam |
| Statement of responsibility, etc | Imam Ibn Qayyim Al-Jauziyah|Jalal Abual Rub|Abdul Rahman Abdullah |
| 260 ## - PUBLICATION, DISTRIBUTION, ETC. (IMPRINT) | |
| Place of publication, distribution, etc | Lahore,Pakistan: |
| Name of publisher, distributor, etc | Daruttazkeer, |
| Date of publication, distribution, etc | 2003 |
| 300 ## - PHYSICAL DESCRIPTION | |
| Extent | 359 p. |
| 546 ## - LANGUAGE NOTE | |
| Language note | EN |
| 700 ## - ADDED ENTRY--PERSONAL NAME | |
| Personal name | Abdul Rahman Abdullah |
| 700 ## - ADDED ENTRY--PERSONAL NAME | |
| Personal name | Jalal Abual Rub |
| 942 ## - ADDED ENTRY ELEMENTS (KOHA) | |
| Koha item type | Books |
| Withdrawn status | Lost status | Damaged status | Not for loan | Home library | Current library | Date acquired | Total Checkouts | Full call number | Barcode | Date last seen | Date checked out | Price effective from | Koha item type |
|---|---|---|---|---|---|---|---|---|---|---|---|---|---|
| UMT Main Campus | UMT Main Campus | 2015-01-09 | 4 | 214.61 IMA-H | 87952 | 2023-11-15 | 2023-11-08 | 2015-01-09 | Books |
